Bibliojuga amb el Gènius : descarrega't l'aplicació descarrega't l'aplicació
Descripción Física:
1 punt de llibre : il·lustracions ; 21 x 6 cm
Materias:
Barcelona (Catalunya : Província). -- Xarxa de Biblioteques Municipals
; Aplicacions mòbils
; Punts de llibre
Idioma:
Catalán
MARC
| LEADER | 00000nrm a2200000 a 4500 | ||
|---|---|---|---|
| 001 | 25640 | ||
| 003 | Arxiu | ||
| 005 | 20260324181114.0 | ||
| 008 | 220525b spa||||| |||| 00| 0 cat d | ||
| 017 | |a DL B 21716-2017 | ||
| 040 | |a NBM-13-144 | ||
| 245 | |a Bibliojuga amb el Gènius : |b descarrega't l'aplicació | ||
| 260 | |a Barcelona : |b Diputació de Barcelona, Xarxa de Biblioteques Municipals ; |c 2017 | ||
| 300 | |a 1 punt de llibre : |b il·lustracions ; |c 21 x 6 cm | ||
| 610 | 1 | 0 | |a Barcelona (Catalunya : Província). |b Xarxa de Biblioteques Municipals |9 52650 |
| 650 | 0 | |9 51716 |a Aplicacions mòbils | |
| 655 | 0 | |a Punts de llibre |9 52700 | |
| 710 | 1 | |a Barcelona (Catalunya : Província). |b Xarxa de Biblioteques Municipals |9 52650 | |
| 942 | |2 udc |c ARXIU |n 1 | ||
| 952 | |0 0 |1 0 |4 0 |6 NBM13144 |7 1 |9 62031 |a Arxiu |b Arxiu |d 2022-05-25 |l 0 |o NBM-13-144 |p 25640 |r 2022-05-25 00:00:00 |w 2022-05-25 |y ARXIU | ||
| 999 | |c 81747 |d 81747 | ||